| 000 | 00437nam a2200169Ia 4500 | ||
|---|---|---|---|
| 008 | 180921t1972 xxu||||| |||| 00| 0 eng d | ||
| 041 | _aeng | ||
| 080 |
_a635 _bTIM |
||
| 100 | _aCrockett, James Underwood | ||
| 245 | _aPerennials | ||
| 260 |
_bTime life _aVirginia _c1972 |
||
| 300 | _a160p., ill., 28 cm | ||
| 650 |
_aPlanting _aFlower _aFlora _aGraden |
||
| 942 | _cBK | ||
| 999 |
_c13466 _d13466 |
||
| 003 | LK-CoDNM | ||
| 040 |
_aLK-CoDNM _dLK-CoDNM _eLK-CoDNM |
||